Fr. Conceicao Rodrigues College of Engineering

Introduction to Mechatronics and Measurement system (Record no. 34343)

MARC details
000 -LEADER
fixed length control field 00378nam a2200157Ia 4500
082 ## - DEWEY DECIMAL CLASSIFICATION NUMBER
Classification number 621.381042
Item number ALC
100 ## - MAIN ENTRY--PERSONAL NAME
Personal name Alciatore/David G/ Histand/Michael B
250 ## - EDITION STATEMENT
Edition statement 2
245 ## - TITLE STATEMENT
Title Introduction to Mechatronics and Measurement system
260 ## - PUBLICATION, DISTRIBUTION, ETC.
Name of publisher, distributor, etc. Tata Mc Graw hill
Date of publication, distribution, etc. 2003
366 ## - TRADE AVAILABILITY INFORMATION
Publishers's discount category 15
300 ## - PHYSICAL DESCRIPTION
Extent 466
546 ## - LANGUAGE NOTE
Language note ENGLISH
654 ## - SUBJECT ADDED ENTRY--FACETED TOPICAL TERMS
Focus term mechatronics
942 ## - ADDED ENTRY ELEMENTS (KOHA)
Koha item type BOOK
Holdings
Withdrawn status Lost status Damaged status Not for loan Collection Home library Current library Date acquired Cost, normal purchase price Total Checkouts Full call number Barcode Date last seen Cost, replacement price Price effective from Koha item type
        CRC Fr. Agnel's C.Rodrigues College of Engineering Fr. Agnel's C.Rodrigues College of Engineering 17/03/2023 250.75   621.381042 ALC 15328 17/03/2023 295.00 17/03/2023 BOOK
        CRC Fr. Agnel's C.Rodrigues College of Engineering Fr. Agnel's C.Rodrigues College of Engineering 17/03/2023 250.75   621.381042 ALC 15329 17/03/2023 295.00 17/03/2023 BOOK